[Event "FRA-ch Open A-D 2018"]
[Site "Nimes"]
[Date "2018.08.20"]
[Round "3"]
[White "Thoreux-Josso, Aaron"]
[Black "Charruyer, Baptiste"]
[Result "1-0"]
[WhiteElo "1399"]
[BlackElo "1488"]
[Annotator "NA"]
[PlyCount "87"]
[EventDate "2018.08.18"]
[EventType "tourn"]
[EventCountry "FRA"]
[SourceTitle "playchess.com"]
[Source "ChessBase"]
[SourceQuality "1"]
[TimeControl "40/5400+30:1800+30"]

1. e4 {[%emt 0:00:00]} d5 {[%emt 0:00:00]} 2. exd5 {[%emt 0:00:00]} Nf6 {[%emt 0:00:00]} 3. d4 {[%emt 0:00:00]} Bg4 {[%emt 0:00:03]} 4. Be2 {[%emt 0:00:08]} Bxe2 {[%emt 0:01:08]} 5. Qxe2 {[%emt 0:01:10]} Qxd5 {[%emt 0:01:07]} 6. Nf3 {[%emt 0:00:24]} e6 {[%emt 0:02:25]} 7. Bf4 {[%emt 0:02:48]} Bd6 {[%emt 0:05:28]} 8. Bxd6 {[%emt 0:03:08]} Qxd6 {[%emt 0:03:05]} 9. c3 {[%emt 0:01:29]} O-O {[%emt 0:01:04]} 10. O-O {[%emt 0:00:39]} Nbd7 {[%emt 0:04:49]} 11. Nbd2 {[%emt 0:04:56]} Rfe8 {[%emt 0:05:19]} 12. Nc4 {[%emt 0:04:07]} Qd5 {[%emt 0:02:04]} 13. Nce5 {[%emt 0:07:43]} Rad8 {[%emt 0:08:59]} 14. Qc4 {[%emt 0:10:38]} c5 {[%emt 0:17:51]} 15. Qxd5 {[%emt 0:09:26]} exd5 {[%emt 0:01:18]} 16. Nxd7 {[%emt 0:05:50]} Nxd7 {[%emt 0:00:13]} 17. dxc5 {[%emt 0:00:57]} Nxc5 {[%emt 0:00:08]} 18. Rfe1 {[%emt 0:03:15]} Re4 {[%emt 0:02:19]} 19. Rad1 {[%emt 0:02:53]} f5 {[%emt 0:03:54]} 20. Kf1 {[%emt 0:03:03]} Na4 {[%emt 0:03:43]} 21. Nd4 {[%emt 0:02:43]} g6 {[%emt 0:02:51]} 22. Rb1 {[%emt 0:09:33]} Rde8 {[%emt 0:00:53]} 23. Red1 {[%emt 0:02:33]} Kf7 {[%emt 0:01:42]} 24. Nb5 {[%emt 0:01:56]} R8e6 {[%emt 0:06:02]} 25. Nc7 {[%emt 0:03:43]} Rd6 {[%emt 0:00:52]} 26. Nxd5 {[%emt 0:02:50]} Re5 {[%emt 0:00:38]} 27. Ne3 {[%emt 0:01:55]} Rxd1+ {[%emt 0:01:33]} 28. Rxd1 {[%emt 0:01:24]} Nxb2 {[%emt 0:00:30]} 29. Rb1 {[%emt 0:00:09]} Nd3 {[%emt 0:00:49]} 30. Rxb7+ {[%emt 0:00:22]} Kf6 {[%emt 0:00:27]} 31. Rxa7 {[%emt 0:00:28]} h5 {[%emt 0:00:24]} 32. Ra6+ {[%emt 0:00:22]} Kf7 {[%emt 0:00:16]} 33. Rd6 {[%emt 0:00:25]} Nf4 {[%emt 0:00:25]} 34. g3 {[%emt 0:01:19]} Ne6 {[%emt 0:00:35]} 35. Rd5 {[%emt 0:00:16]} Re4 {[%emt 0:00:14]} 36. Rd7+ {[%emt 0:00:49]} Kf8 {[%emt 0:00:17]} 37. Ra7 {[%emt 0:00:30]} f4 {[%emt 0:00:27]} 38. Ng2 {[%emt 0:00:53]} Rc4 {[%emt 0:00:43]} 39. Ra3 {[%emt 0:00:26]} g5 {[%emt 0:00:47]} 40. Ke2 {[%emt 0:00:52]} Re4+ {[%emt 0:01:27]} 41. Kd2 {[%emt 0:33:34]} Nc5 {[%emt 0:30:39]} 42. gxf4 {[%emt 0:01:16]} gxf4 {[%emt 0:00:08]} 43. Ra5 {[%emt 0:00:53]} Na4 {[%emt 0:01:12]} 44. Rf5+ 1-0

[Event "FRA-ch Open A-D 2018"]
[Site "Nimes"]
[Date "2018.08.20"]
[Round "3"]
[White "Menjra, Yanis"]
[Black "Borrini, Rodrigue"]
[Result "0-1"]
[WhiteElo "1391"]
[BlackElo "1481"]
[Annotator "NA"]
[PlyCount "50"]
[EventDate "2018.08.18"]
[EventType "tourn"]
[EventCountry "FRA"]
[SourceTitle "playchess.com"]
[Source "ChessBase"]
[SourceQuality "1"]
[TimeControl "40/5400+30:1800+30"]

1. Nf3 {[%emt 0:00:00]} e6 {[%emt 0:01:03]} 2. g3 {[%emt 0:00:32]} f5 {[%emt 0:00:49]} 3. Bg2 {[%emt 0:00:38]} d5 {[%emt 0:00:38]} 4. d4 {[%emt 0:01:26]} Nf6 {[%emt 0:01:33]} 5. c4 {[%emt 0:03:38]} c6 {[%emt 0:00:20]} 6. cxd5 {[%emt 0:03:08]} exd5 {[%emt 0:00:10]} 7. Nc3 {[%emt 0:01:41]} Bd6 {[%emt 0:02:32]} 8. Qc2 {[%emt 0:04:56]} Ne4 {[%emt 0:11:41]} 9. a3 {[%emt 0:07:29]} Nd7 {[%emt 0:02:43]} 10. h4 {[%emt 0:04:58]} Ndf6 {[%emt 0:09:27]} 11. Bg5 {[%emt 0:03:14]} Qc7 {[%emt 0:10:27]} 12. Bxf6 {[%emt 0:12:14]} Nxf6 {[%emt 0:01:14]} 13. Rc1 {[%emt 0:07:25]} Be6 {[%emt 0:21:17]} 14. Ng5 {[%emt 0:06:37]} Qe7 {[%emt 0:01:36]} 15. Nxe6 {[%emt 0:02:01]} Qxe6 {[%emt 0:00:17]} 16. O-O {[%emt 0:04:58]} O-O {[%emt 0:00:59]} 17. Bh3 {[%emt 0:01:45]} Nh5 {[%emt 0:13:01]} 18. Rce1 {[%emt 0:06:42]} Nxg3 {[%emt 0:07:15]} 19. fxg3 {[%emt 0:01:17]} Qe3+ {[%emt 0:02:13]} 20. Kh1 {[%emt 0:08:24]} Qxg3 {[%emt 0:03:03]} 21. e3 {[%emt 0:00:20]} Qxh3+ {[%emt 0:00:43]} 22. Kg1 {[%emt 0:00:10]} Rf6 {[%emt 0:02:24]} 23. Rf2 {[%emt 0:02:15]} Bg3 {[%emt 0:01:50]} 24. Rf3 {[%emt 0:00:53]} Rg6 {[%emt 0:01:04]} 25. Rxg3 {[%emt 0:02:09]} Rxg3+ {[%emt 0:00:43]} 0-1

[Event "FRA-ch Open A-D 2018"]
[Site "Nimes"]
[Date "2018.08.21"]
[Round "4"]
[White "Girardon, Jerome"]
[Black "Grimault, Nathan"]
[Result "1-0"]
[WhiteElo "2186"]
[BlackElo "2066"]
[Annotator "TA"]
[PlyCount "73"]
[EventDate "2018.08.18"]
[EventType "tourn"]
[EventCountry "FRA"]
[SourceTitle "playchess.com"]
[Source "ChessBase"]
[SourceQuality "1"]

{[%evp 13,73,27,30,0,0,0,0,4,32,0,0,3,8,0,0,0,22,-12,20,27,70,42,83,0,0,0,8,10,7,6,8,20,31,35,83,30,189,168,203,96,177,170,166,162,216,108,512,95,268,0,19,0,681,695,1669,1628,29987,29988,29988,29989,29986,2145]} 1. e4 g6 2. d4 Bg7 3. Nc3 d6 4. Bg5 c5 5. dxc5 Qa5 6. Qd2 {B06: Modern Defence} Bxc3 (6... Qxc5 7. Nd5 Be6 8. Be3 Qc8 9. Bd4 f6 10. Nf3 Nc6 11. Be3 Bf7 12. Be2 h5 13. O-O-O Bh6 14. Kb1 Kf8 {1-0 (31) Nisipeanu,L (2683)-Kalinitschew,S (2426) Apolda 2017}) 7. bxc3 Qxc5 {LiveBook: 4 Games} 8. Nf3 {White has an edge.} Nf6 $146 ({Predecessor:} 8... Nc6 9. Rb1 Qa5 10. Bc4 Nf6 11. Bxf6 exf6 12. O-O O-O 13. Qxd6 Qxc3 {½-½ (68) Kurenkov,N (2438)-Grigoriev,E (2286) St Petersburg 2005}) 9. Bd3 O-O 10. O-O Be6 11. Rfb1 (11. Be3 $5 {[%cal Re3c5]} Qc7 12. Rfb1 $11) 11... b6 12. a4 Nbd7 13. a5 Rfc8 14. axb6 Nxb6 15. Be3 Qc7 (15... Nc4 $5 {[%cal Rc4d2]} 16. Bxc5 Nxd2 17. Nxd2 Rxc5 $11) 16. Bd4 Nc4 17. Qf4 Nh5 18. Qh4 (18. Qh6 $16 {Strongly threatening Ng5.} f6 19. Ra6) 18... f6 $11 19. g4 $36 {[%mdl 2048] White is more active.} Nf4 {Black wants to play ...Ne5.} 20. g5 Nxd3 21. cxd3 Ne5 22. Nd2 fxg5 23. Qxg5 {Threatens to win with Qh6.} Nf7 ({Much weaker is} 23... Nxd3 $6 24. Qh6 $16) 24. Qg2 (24. Qh4 $16) 24... a5 $2 (24... Bd7 $11) 25. f4 $1 $18 Nd8 26. c4 (26. f5 $18) 26... Qd7 (26... Bf7 $16 {was necessary.}) 27. Kh1 Bh3 {[#]} 28. Qf2 $1 e5 29. Bc3 (29. fxe5 $18 Ra6 30. c5) 29... exf4 $2 {[%mdl 8192]} (29... Ne6 $16 {is tougher.}) 30. Rg1 $2 (30. Qd4 $18 {and the rest is easy.}) 30... Ne6 $2 (30... Nf7 $16) 31. Nf3 $2 (31. Qh4 $18) 31... Qe7 $1 $11 32. Nh4 {Hoping for Nxg6!} g5 $2 {[%mdl 8192]} (32... Rc5 $11) 33. Qf3 $18 Kf7 34. Qxh3 gxh4 35. Qf5+ {White mates.} Ke8 36. Rg8+ Kd7 37. Rg7 {Precision: White = 40%, Black = 32%.} (37. Qb5+ $142 Rc6 38. Rxa8 Qf7 39. Ra7+ Nc7 40. R1xa5 Qe7 {[#]} 41. Rxc7+ $1 {[%mdl 512]} Kxc7 42. Ra7+ Kd8 43. Ba5+ Ke8 44. Qh5+ Kf8 45. Qf5+ Ke8 46. Ra8+ Rc8 47. Rxc8+ Qd8 48. Bxd8 h6 49. Bxh4#) 1-0

[Event "FRA-ch Open A-D 2018"]
[Site "Nimes"]
[Date "2018.08.21"]
[Round "4"]
[White "Daurelle, Herve"]
[Black "Pham, Arthur"]
[Result "0-1"]
[WhiteElo "2181"]
[BlackElo "2107"]
[Annotator "TA"]
[PlyCount "60"]
[EventDate "2018.08.18"]
[EventType "tourn"]
[EventCountry "FRA"]
[SourceTitle "playchess.com"]
[Source "ChessBase"]
[SourceQuality "1"]

{[%evp 25,60,55,74,55,53,39,52,37,26,0,8,-82,-76,-124,-124,-128,-122,-269,-148,-285,-279,-328,-320,-357,-352,-406,-421,-1090,-1085,-1372,-1350,-29983,-29984,-29983,-29983,-1929,-1745]} 1. e4 c5 2. Nf3 g6 3. d4 cxd4 4. Nxd4 Bg7 5. c4 Nc6 6. Be3 d6 7. Nc3 Nf6 8. Be2 O-O 9. O-O Nxd4 10. Bxd4 Be6 11. Qd2 Qa5 12. Rfd1 Rfc8 13. b3 {B38: Sicilian: Maroczy Bind with 5...Bg7 and 7...0-0} Nd7 {LiveBook: 12 Games} 14. Bxg7 Kxg7 15. Rac1 {White is slightly better.} a6 16. f4 f6 17. Bf3 Rab8 $146 18. a4 (18. Qe3 $11) 18... Qb6+ $17 19. Qd4 Qxb3 20. Nd5 Bxd5 $1 ({Worse is} 20... Qxa4 21. Nxe7 Rd8 22. Qxd6 $14) 21. Qxd5 (21. exd5 $17 {was necessary.} Qb6 22. Rb1 Qxd4+ 23. Rxd4) 21... Nc5 (21... Qe3+ $19 22. Kh1 Rc7) 22. Kh1 (22. Qd2 $17) 22... Qe3 $19 ({Resist} 22... Qxa4 23. Bg4 $19) ({Not} 22... Nxa4 23. e5 $17) 23. f5 Nxa4 24. fxg6 hxg6 25. Bg4 Rc5 26. Qe6 (26. Re1 $142 Rxd5 27. Rxe3) 26... Re5 27. Qd7 Nc5 28. Qc7 {[#]} Nxe4 $1 {[%mdl 512]} 29. Rc2 Rh8 {[%csl Ge3][%cal Re4g3]} 30. h3 f5 {Precision: White = 12%, Black = 73%.} 0-1

[Event "FRA-ch Open A-D 2018"]
[Site "Nimes"]
[Date "2018.08.21"]
[Round "4"]
[White "El Mchaouri Mas, Younes"]
[Black "Giacomini, Hector"]
[Result "1-0"]
[WhiteElo "2120"]
[BlackElo "2196"]
[Annotator "TA"]
[PlyCount "143"]
[EventDate "2018.08.18"]
[EventType "tourn"]
[EventCountry "FRA"]
[SourceTitle "playchess.com"]
[Source "ChessBase"]
[SourceQuality "1"]

{[%evp 19,143,-22,-14,-56,-30,-60,16,0,65,-49,0,0,0,-7,-4,-2,0,-6,2,1,9,4,44,36,22,-12,-12,-5,-5,-6,0,-1,-7,-12,0,0,35,35,59,52,52,50,58,55,46,52,69,60,97,97,97,97,97,97,97,97,97,97,143,143,215,215,256,245,245,179,152,103,103,103,103,64,64,64,70,70,81,85,127,124,137,156,149,153,150,143,168,94,94,94,94,94,94,94,94,94,94,0,94,94,94,94,94,94,94,83,94,94,227,103,103,0,63,-10,-10,-10,-10,-10,-10,-10,-10,-10,-10,-14,29986,29987]} 1. Nf3 d5 2. c4 e6 3. d4 Nf6 4. g3 dxc4 5. Bg2 c5 6. Qa4+ Bd7 7. Qxc4 Bc6 8. dxc5 Nbd7 9. Nc3 Bxc5 10. O-O Rc8 {LiveBook: 13 Games. ...Bxf3 is the strong threat. E04: Open Catalan: 5 Nf3} (10... O-O 11. Bg5 Rc8 12. Qb3 h6 13. Bxf6 Nxf6 14. Rad1 Qb6 15. Ne5 Qxb3 16. axb3 Bxg2 17. Kxg2 Rfd8 18. Rxd8+ Rxd8 {0-1 (58) Batsiashvili,N (2485)-Sevian,S (2578) Wijk aan Zee 2016}) 11. Qh4 O-O 12. e4 e5 $146 ({Black should try} 12... b5 $15 13. a3 a5) ({Predecessor:} 12... Be7) 13. Bg5 Be7 (13... Qe7 $11) 14. Nd5 ({White should play} 14. Bh3 $1 $14) 14... Bxd5 (14... h6 $5 {[%cal Rf6d5]} 15. Nxe7+ Qxe7 $17) 15. exd5 h6 16. Bxf6 Bxf6 17. Qg4 Nb6 18. Rad1 Rc2 19. Qb4 Qd7 20. Rfe1 e4 21. Qxe4 Rxb2 22. Re2 Rxe2 23. Qxe2 Re8 24. Qd3 Nc8 25. Nd2 Nd6 26. Nc4 Nxc4 27. Qxc4 Rc8 28. Qf4 Bg5 29. Qd4 b6 30. d6 {[%cal Bd5d6,Bd6d7][%mdl 32]} Bf6 31. Qe4 Rd8 32. Bf1 g6 33. a4 Qe6 34. Qxe6 fxe6 $16 {[%mdl 4096] Endgame KRB-KRB} 35. d7 Kf7 36. Bh3 $1 Ke7 37. Re1 e5 38. Rd1 a6 39. Rb1 $1 {[%cal Rb1b6]} Rb8 (39... b5 $16 {keeps fighting.} 40. axb5 axb5 41. Rxb5 g5) 40. Rc1 $18 Rd8 41. Rc6 b5 42. Re6+ ({Much less strong is} 42. Rxa6 $6 bxa4 43. Rxa4 Rf8) 42... Kf7 43. Rxa6 bxa4 44. Rxa4 Rb8 45. Ra7 Bd8 46. Kg2 Rb2 47. Ra6 Rd2 48. Kf3 e4+ {[#]} 49. Ke3 $1 {[%cal Re3d2]} Bg5+ 50. Kxe4 Rxf2 51. Be6+ Ke7 52. h4 Bf6 53. Bg4 (53. Bc4 $18) 53... Rd2 $16 54. Re6+ Kf7 55. Ke3 Rd5 56. Re8 Rd6 57. h5 gxh5 58. Bxh5+ Kg7 59. Bg4 Kf7 60. Bf5 Bg5+ 61. Ke4 Bf6 62. Kf3 Rd4 63. Be6+ Kg7 {[#]} (63... Kg6 $16) 64. Rg8+ (64. Ke3 $1 $18 {and the rest is easy.} Rd1 65. g4) 64... Kh7 65. g4 (65. Ra8 $16) 65... Bg5 (65... Rxd7 $11 66. Rb8 (66. Bxd7 Kxg8 67. Bb5 Kg7 $11) 66... Ra7) 66. Rxg5 (66. Rf8 $14) 66... hxg5 $14 {KR-KB} 67. Ke3 Rd6 68. Bf5+ Kg7 69. Kf3 (69. Ke4 $5 {[%cal Re4e5]} Kf6 70. Ke3 $17) 69... Kf6 70. Ke4 Rd1 {White should prevent ...Re1+.} 71. Ke3 Ke5 $2 {[%mdl 8192]} (71... Ke7 $11) 72. Bd3 {Precision: White = 58%, Black = 46%.} 1-0

[Event "FRA-ch Open A-D 2018"]
[Site "Nimes"]
[Date "2018.08.21"]
[Round "4"]
[White "Bianchi, Guillaume"]
[Black "Bajoni, Lucas"]
[Result "1-0"]
[WhiteElo "2064"]
[BlackElo "2098"]
[Annotator "NA RC"]
[PlyCount "71"]
[EventDate "2018.08.18"]
[EventType "tourn"]
[EventCountry "FRA"]
[SourceTitle "playchess.com"]
[Source "ChessBase"]
[SourceQuality "1"]
[TimeControl "40/5400+30:1800+30"]

1. d4 {[%emt 0:00:00]} Nf6 {[%emt 0:00:00]} 2. Bf4 {[%emt 0:00:00]} c5 {[%emt 0:01:19]} 3. d5 {[%emt 0:01:33]} d6 {[%emt 0:02:55]} 4. c4 {[%emt 0:04:28]} e5 {[%emt 0:02:57]} 5. dxe6 {[%emt 0:06:00]} Bxe6 {[%emt 0:02:24]} 6. Nc3 {[%emt 0:00:33]} Qa5 {[%emt 0:07:58]} 7. Qb3 {[%emt 0:11:49]} Nbd7 {[%emt 0:15:40]} 8. Bd2 {[%emt 0:06:06]} Qc7 {[%emt 0:04:07]} 9. Nf3 {[%emt 0:06:10]} h6 {[%emt 0:02:12]} 10. e4 {[%emt 0:04:50]} a6 {[%emt 0:03:18]} 11. Qc2 {[%emt 0:02:56]} g6 {[%emt 0:07:27]} 12. Be2 {[%emt 0:05:41]} Bg7 {[%emt 0:00:40]} 13. Rd1 {[%emt 0:05:09]} O-O {[%emt 0:07:29]} 14. O-O {[%emt 0:04:42]} Ne5 {[%emt 0:03:27]} 15. Nxe5 {[%emt 0:06:43]} dxe5 {[%emt 0:00:02]} 16. Nd5 {[%emt 0:02:03]} Nxd5 {[%emt 0:02:13]} 17. cxd5 {[%emt 0:00:13]} Bd7 {[%emt 0:02:41]} 18. Rc1 {[%emt 0:05:53]} Rfc8 {[%emt 0:00:45]} 19. b4 {[%emt 0:01:19]} b6 {[%emt 0:00:37]} 20. Be3 {[%emt 0:01:28]} Bf8 {[%emt 0:00:54]} 21. Rfd1 {[%emt 0:05:01]} Qd8 {[%emt 0:06:58]} 22. bxc5 {[%emt 0:02:13]} bxc5 {[%emt 0:05:04]} 23. Qc3 {[%emt 0:00:58]} Bb5 {[%emt 0:06:51]} 24. Bg4 {[%emt 0:03:15]} Rc7 {[%emt 0:02:47]} 25. f4 {[%emt 0:04:21]} exf4 {[%emt 0:05:50]} 26. Bxf4 {[%emt 0:00:49]} Rb7 {[%emt 0:00:34]} 27. Bf3 {[%emt 0:00:25]} Ba4 {[%emt 0:00:44]} 28. Re1 {[%emt 0:01:21]} Rb4 {[%emt 0:00:40]} 29. Bg3 {[%emt 0:00:40]} Bb5 {[%emt 0:01:21]} 30. e5 {[%emt 0:01:38]} Bc4 {[%emt 0:02:14]} 31. a3 {[%emt 0:01:50]} Ra4 {[%emt 0:00:17]} 32. e6 {[%emt 0:01:23]} Bg7 {[%emt 0:02:02]} 33. exf7+ {[%emt 0:00:38]} Kxf7 {[%emt 0:00:43]} 34. Be5 {[%emt 0:00:05]} Bxe5 {[%emt 0:00:52]} 35. Qxe5 {[%emt 0:00:06]} Ra7 {[%emt 0:00:55]} 36. d6 {[%emt 0:02:29]} 1-0

[Event "FRA-ch Open A-D 2018"]
[Site "Nimes"]
[Date "2018.08.21"]
[Round "4"]
[White "Destic, Pablo"]
[Black "Canivet, Arnaud"]
[Result "1-0"]
[WhiteElo "1921"]
[BlackElo "1825"]
[Annotator "NA RC"]
[PlyCount "59"]
[EventDate "2018.08.18"]
[EventType "tourn"]
[EventCountry "FRA"]
[SourceTitle "playchess.com"]
[Source "ChessBase"]
[SourceQuality "1"]
[TimeControl "40/5400+30:1800+30"]

1. e4 {[%emt 0:00:00]} d6 {[%emt 0:00:00]} 2. d4 {[%emt 0:00:00]} Nf6 {[%emt 0:02:01]} 3. Nc3 {[%emt 0:00:34]} g6 {[%emt 0:05:08]} 4. Bc4 {[%emt 0:02:17]} Bg7 {[%emt 0:05:20]} 5. Qe2 {[%emt 0:01:54]} e5 {[%emt 0:00:51]} 6. dxe5 {[%emt 0:01:36]} dxe5 {[%emt 0:00:09]} 7. Nf3 {[%emt 0:01:30]} Qe7 {[%emt 0:00:13]} 8. O-O {[%emt 0:05:12]} c6 {[%emt 0:08:35]} 9. Rd1 {[%emt 0:04:00]} O-O {[%emt 0:01:21]} 10. Bg5 {[%emt 0:02:54]} Bg4 {[%emt 0:22:24]} 11. h3 {[%emt 0:07:25]} Bxf3 {[%emt 0:00:54]} 12. Qxf3 {[%emt 0:00:25]} b5 {[%emt 0:05:03]} 13. Bb3 {[%emt 0:01:15]} a5 {[%emt 0:02:04]} 14. a4 {[%emt 0:04:19]} b4 {[%emt 0:00:01]} 15. Nb1 {[%emt 0:01:16]} Na6 {[%emt 0:00:29]} 16. Nd2 {[%emt 0:06:37]} Nc5 {[%emt 0:06:37]} 17. Nc4 {[%emt 0:05:13]} Nb7 {[%emt 0:01:33]} 18. Qe2 {[%emt 0:03:23]} h6 {[%emt 0:10:01]} 19. Bd2 {[%emt 0:01:46]} Rfd8 {[%emt 0:10:09]} 20. f3 {[%emt 0:07:50]} Nh5 {[%emt 0:00:31]} 21. Be3 {[%emt 0:00:54]} Nf4 {[%emt 0:00:37]} 22. Qf2 {[%emt 0:01:27]} Bf6 {[%emt 0:01:39]} 23. Kh2 {[%emt 0:02:27]} Kh7 {[%emt 0:02:42]} 24. Bb6 {[%emt 0:04:04]} Rxd1 {[%emt 0:00:36]} 25. Rxd1 {[%emt 0:02:27]} c5 {[%emt 0:00:43]} 26. Qd2 {[%emt 0:04:34]} Bh4 {[%emt 0:05:48]} 27. Qd7 {[%emt 0:02:36]} Qg5 {[%emt 0:00:05]} 28. Qxf7+ {[%emt 0:04:51]} Kh8 {[%emt 0:00:00]} 29. g4 {[%emt 0:00:16]} Ne6 {[%emt 0:08:13]} 30. Rd7 {[%emt 0:01:50]} 1-0

[Event "FRA-ch Open A-D 2018"]
[Site "Nimes"]
[Date "2018.08.21"]
[Round "4"]
[White "Cassam-Chenai, Eric"]
[Black "Verhille, Elie"]
[Result "1-0"]
[WhiteElo "1914"]
[BlackElo "1862"]
[Annotator "NA RC"]
[PlyCount "91"]
[EventDate "2018.08.18"]
[EventType "tourn"]
[EventCountry "FRA"]
[SourceTitle "playchess.com"]
[Source "ChessBase"]
[SourceQuality "1"]
[TimeControl "40/5400+30:1800+30"]

1. e4 {[%emt 0:00:00]} e6 {[%emt 0:00:00]} 2. d4 {[%emt 0:00:00]} d5 {[%emt 0:00:00]} 3. e5 {[%emt 0:00:00]} c5 {[%emt 0:00:00]} 4. c3 {[%emt 0:00:00]} Bd7 {[%emt 0:00:00]} 5. Nf3 {[%emt 0:00:00]} Qb6 {[%emt 0:00:15]} 6. Bd3 {[%emt 0:06:09]} Bb5 {[%emt 0:01:09]} 7. dxc5 {[%emt 0:00:55]} Bxc5 {[%emt 0:00:45]} 8. b4 {[%emt 0:00:13]} Bxf2+ {[%emt 0:40:05]} 9. Ke2 {[%emt 0:00:22]} Bxd3+ {[%emt 0:03:12]} 10. Qxd3 {[%emt 0:00:10]} f6 {[%emt 0:01:06]} 11. Rf1 {[%emt 0:01:01]} fxe5 {[%emt 0:05:26]} 12. Nxe5 {[%emt 0:05:27]} Qc7 {[%emt 0:08:15]} 13. Bf4 {[%emt 0:04:15]} g5 {[%emt 0:03:26]} 14. Bg3 {[%emt 0:13:37]} Bxg3 {[%emt 0:03:41]} 15. Qxg3 {[%emt 0:00:47]} Nh6 {[%emt 0:21:22]} 16. Rf6 {[%emt 0:04:51]} Qg7 {[%emt 0:06:46]} 17. Rxe6+ {[%emt 0:00:21]} Kd8 {[%emt 0:00:13]} 18. Qd3 {[%emt 0:12:12]} Re8 {[%emt 0:02:12]} 19. Qxd5+ {[%emt 0:00:38]} Nd7 {[%emt 0:00:18]} 20. Nxd7 {[%emt 0:16:15]} Qxd7 {[%emt 0:00:29]} 21. Qxg5+ {[%emt 0:01:01]} Re7 {[%emt 0:00:01]} 22. Qxe7+ {[%emt 0:03:02]} Qxe7 {[%emt 0:00:01]} 23. Rxe7 {[%emt 0:00:12]} Kxe7 {[%emt 0:00:04]} 24. Nd2 {[%emt 0:00:15]} Rg8 {[%emt 0:00:42]} 25. Re1 {[%emt 0:00:47]} Kd7 {[%emt 0:00:20]} 26. Rg1 {[%emt 0:02:22]} Ng4 {[%emt 0:00:49]} 27. Nf3 {[%emt 0:01:16]} Re8+ {[%emt 0:00:19]} 28. Kd2 {[%emt 0:00:22]} Nf2 {[%emt 0:00:44]} 29. Re1 {[%emt 0:03:31]} Ne4+ {[%emt 0:00:42]} 30. Kc2 {[%emt 0:01:17]} h6 {[%emt 0:00:55]} 31. Nd2 {[%emt 0:01:00]} Ng5 {[%emt 0:00:02]} 32. Rxe8 {[%emt 0:00:19]} Kxe8 {[%emt 0:00:01]} 33. Kd3 {[%emt 0:00:43]} Ke7 {[%emt 0:00:07]} 34. Ne4 {[%emt 0:00:44]} Ne6 {[%emt 0:00:27]} 35. Ke3 {[%emt 0:01:53]} b6 {[%emt 0:00:07]} 36. g4 {[%emt 0:01:13]} Nc7 {[%emt 0:00:49]} 37. c4 {[%emt 0:02:29]} b5 {[%emt 0:00:28]} 38. Kd4 {[%emt 0:00:19]} h5 {[%emt 0:00:43]} 39. g5 {[%emt 0:00:37]} h4 {[%emt 0:01:28]} 40. c5 {[%emt 0:11:01]} Ke6 {[%emt 0:01:58]} 41. g6 {[%emt 0:31:43]} Kf5 {[%emt 0:01:20]} 42. g7 {[%emt 0:00:00]} Ne6+ {[%emt 0:00:06]} 43. Kd5 {[%emt 0:00:00]} Nxg7 {[%emt 0:00:13]} 44. c6 {[%emt 0:00:00]} Ne6 {[%emt 0:00:21]} 45. Nd6+ {[%emt 0:00:00]} Kg4 {[%emt 0:00:08]} 46. Kxe6 {[%emt 0:00:00]} 1-0

[Event "FRA-ch Open A-D 2018"]
[Site "Nimes"]
[Date "2018.08.21"]
[Round "4"]
[White "Brouard, Gregoire"]
[Black "Verin, Jules"]
[Result "1-0"]
[WhiteElo "1898"]
[BlackElo "1941"]
[Annotator "NA RC"]
[PlyCount "41"]
[EventDate "2018.08.18"]
[EventType "tourn"]
[EventCountry "FRA"]
[SourceTitle "playchess.com"]
[Source "ChessBase"]
[SourceQuality "1"]
[TimeControl "40/5400+30:1800+30"]

1. d4 {[%emt 0:00:00]} g6 {[%emt 0:00:00]} 2. c4 {[%emt 0:00:00]} Bg7 {[%emt 0:00:00]} 3. Nc3 {[%emt 0:00:00]} d6 {[%emt 0:00:00]} 4. e4 {[%emt 0:00:10]} e5 {[%emt 0:00:00]} 5. Be3 {[%emt 0:07:08]} Nd7 {[%emt 0:11:32]} 6. f4 {[%emt 0:09:36]} exf4 {[%emt 0:13:34]} 7. Bxf4 {[%emt 0:00:21]} Qf6 {[%emt 0:05:36]} 8. Be3 {[%emt 0:01:05]} c5 {[%emt 0:05:50]} 9. Nb5 {[%emt 0:14:38]} cxd4 {[%emt 0:07:08]} 10. Bxd4 {[%emt 0:01:15]} Qh4+ {[%emt 0:01:08]} 11. Bf2 {[%emt 0:00:40]} Qxe4+ {[%emt 0:03:19]} 12. Be2 {[%emt 0:01:02]} Be5 {[%emt 0:08:31]} 13. Nc7+ {[%emt 0:06:44]} Kd8 {[%emt 0:05:16]} 14. Nxa8 {[%emt 0:01:09]} Ngf6 {[%emt 0:02:20]} 15. Nf3 {[%emt 0:05:21]} Re8 {[%emt 0:02:54]} 16. O-O {[%emt 0:05:42]} Ng4 {[%emt 0:08:45]} 17. Nxe5 {[%emt 0:15:48]} Ngxe5 {[%emt 0:01:50]} 18. Qxd6 {[%emt 0:04:34]} b6 {[%emt 0:06:25]} 19. Bf3 {[%emt 0:05:02]} Nxf3+ {[%emt 0:01:21]} 20. gxf3 {[%emt 0:00:05]} Qxa8 {[%emt 0:01:35]} 21. Bh4+ {[%emt 0:00:17]} 1-0

[Event "FRA-ch Open A-D 2018"]
[Site "Nimes"]
[Date "2018.08.21"]
[Round "4"]
[White "Famel, Edouard"]
[Black "Sabatier, Mathis"]
[Result "1/2-1/2"]
[WhiteElo "1762"]
[BlackElo "1904"]
[Annotator "NA RC"]
[PlyCount "60"]
[EventDate "2018.08.18"]
[EventType "tourn"]
[EventCountry "FRA"]
[SourceTitle "playchess.com"]
[Source "ChessBase"]
[SourceQuality "1"]
[TimeControl "40/5400+30:1800+30"]

1. e4 {[%emt 0:00:00]} e5 {[%emt 0:00:00]} 2. Nf3 {[%emt 0:00:00]} Nc6 {[%emt 0:00:00]} 3. c3 {[%emt 0:00:02]} Nf6 {[%emt 0:00:53]} 4. d4 {[%emt 0:00:12]} exd4 {[%emt 0:01:22]} 5. e5 {[%emt 0:00:12]} Qe7 {[%emt 0:11:15]} 6. cxd4 {[%emt 0:07:03]} d6 {[%emt 0:03:13]} 7. Bb5 {[%emt 0:05:59]} a6 {[%emt 0:13:50]} 8. Bxc6+ {[%emt 0:00:13]} bxc6 {[%emt 0:00:06]} 9. O-O {[%emt 0:00:23]} Nd5 {[%emt 0:05:05]} 10. Re1 {[%emt 0:12:01]} Be6 {[%emt 0:02:42]} 11. Nc3 {[%emt 0:02:53]} Nxc3 {[%emt 0:04:00]} 12. bxc3 {[%emt 0:02:05]} d5 {[%emt 0:00:04]} 13. Qb3 {[%emt 0:00:37]} Qd8 {[%emt 0:07:48]} 14. Qb7 {[%emt 0:07:32]} Kd7 {[%emt 0:02:58]} 15. Ng5 {[%emt 0:04:39]} Be7 {[%emt 0:02:21]} 16. f4 {[%emt 0:02:20]} Bxg5 {[%emt 0:01:58]} 17. fxg5 {[%emt 0:00:01]} Qb8 {[%emt 0:00:45]} 18. Qb3 {[%emt 0:08:42]} Qb5 {[%emt 0:05:42]} 19. Qc2 {[%emt 0:05:21]} Rab8 {[%emt 0:02:55]} 20. Ba3 {[%emt 0:00:32]} g6 {[%emt 0:03:44]} 21. Rf1 {[%emt 0:00:30]} Qc4 {[%emt 0:03:12]} 22. Rf2 {[%emt 0:03:18]} Ke8 {[%emt 0:08:00]} 23. Bb4 {[%emt 0:04:10]} Bf5 {[%emt 0:06:31]} 24. Rxf5 {[%emt 0:03:41]} gxf5 {[%emt 0:04:32]} 25. Qxf5 {[%emt 0:01:03]} Rxb4 {[%emt 0:01:53]} 26. Qc8+ {[%emt 0:00:05]} Ke7 {[%emt 0:00:08]} 27. Qxc7+ {[%emt 0:00:41]} Ke8 {[%emt 0:00:35]} 28. Qc8+ {[%emt 0:00:10]} Ke7 {[%emt 0:00:10]} 29. Qc7+ {[%emt 0:00:03]} Ke8 {[%emt 0:00:04]} 30. Qc8+ {[%emt 0:00:03]} Ke7 1/2-1/2